000
00319pab a2200133 454500
008
180718b2000 xxu||||| |||| 00| 0 eng d
245
_a
SPECIAL issue capturing globalization
260
_c
2000
300
_a
p.917-1080
362
_a
Dec
650
_a
Globalization
773
_a
Third World Quarterly
909
_a
47459
999
_c
47459
_d
47459